Normal view
MARC view
- Malaysia
Entry Corporate Name
Number of records used in: 428
001 - CONTROL NUMBER
- control field: 400
003 - CONTROL NUMBER IDENTIFIER
- control field: OSt
005 - DATE AND TIME OF LATEST TRANSACTION
- control field: 20170421160738.0
008 - FIXED-LENGTH DATA ELEMENTS
- fixed length control field: 170421|| aca||aabn | a|a d
040 ## - CATALOGING SOURCE
- Original cataloging agency: OSt
- Transcribing agency: OSt
110 ## - HEADING--CORPORATE NAME
- Corporate name or jurisdiction name as entry element: Malaysia
670 ## - SOURCE DATA FOUND
- Source citation: Work cat.: (OSt): Malaysia , Pekeliling kemajuan pentadbiran awam dan profil perkhidmatan awam Malaysia , 2009

PORTAL AKMAL
E-MEL JKDM
AKMAL2U
G-BAM
u-PUSTAKA